LEADER 01117nam a2200313 i 4500 001 991000795879707536 005 20020507173710.0 008 971117s1994 us ||| | eng 020 $a0120958104 035 $ab10758422-39ule_inst 035 $aLE01302444$9ExL 040 $aDip.to Matematica$beng 082 0 $a004.019 084 $aAMS 68U99 084 $aQA76.9.U83C67 100 1 $aBias, Randolph G.$0535056 245 10$aCost-justifying usability /$cedited by Randolph G. Bias, Deborah J. Mayhew 260 $aBoston :$bAcademic Press,$cc1994 300 $axvii, 334 p. :$bill. ;$c27 cm. 500 $aIncludes bibliographical references and index 650 4$aUser interfaces (Computer systems) 650 4$aValue analysis (Cost control) 700 1 $aMayhew, Deborah J. 907 $a.b10758422$b21-09-06$c28-06-02 912 $a991000795879707536 945 $aLE013 68U BIA11 (1994)$g1$i2013000091723$lle013$o-$pE0.00$q-$rl$s- $t0$u0$v0$w0$x0$y.i10853285$z28-06-02 996 $aCost-justifying usability$9922926 997 $aUNISALENTO 998 $ale013$b01-01-97$cm$da $e-$feng$gus $h0$i1 LEADER 01843 am 2200577 n 450 001 9910416512803321 005 20200116 010 $a2-35768-118-7 024 7 $a10.4000/books.eua.2931 035 $a(CKB)4100000010105909 035 $a(FrMaCLE)OB-eua-2931 035 $a(oapen)https://directory.doabooks.org/handle/20.500.12854/47160 035 $a(PPN)242886531 035 $a(EXLCZ)994100000010105909 100 $a20200115j|||||||| ||| 0 101 0 $afre 135 $auu||||||m|||| 181 $ctxt$2rdacontent 182 $cc$2rdamedia 183 $acr$2rdacarrier 200 10$aEx nihilo /$fStephan Gruss, Alexis Gruss 210 $aAvignon $cÉditions Universitaires d?Avignon$d2020 215 $a1 online resource (80 p.) 311 $a2-35768-117-9 330 $aCombinant différentes disciplines artis­tiques et passion de la piste, Ex nihilo livre le processus de création des spectacles de la Compagnie Gruss. Créer la nouveauté à partir de l?ancien, faire vibrer le public par la mise en scène : un défi depuis un demi-siècle. 606 $aArt 606 $aTheater 606 $aart équestre 606 $aart du spectacle 606 $acirque 606 $amise en scène 610 $aart équestre 610 $amise en scène 610 $acirque 610 $aart du spectacle 615 4$aArt 615 4$aTheater 615 4$aart équestre 615 4$aart du spectacle 615 4$acirque 615 4$amise en scène 700 $aGruss$b Stephan$01329007 701 $aGruss$b Alexis$01324030 701 $aGruss$b Alexis$01324030 701 $aGruss$b Stephan$01329007 701 $aPetiteau$b Natalie$0686538 801 0$bFR-FrMaCLE 906 $aBOOK 912 $a9910416512803321 996 $aEx nihilo$93039250 997 $aUNINA LEADER 02470nam 2200577 450 001 9910822217303321 005 20230803205752.0 010 $a1-78023-565-8 010 $a1-78023-330-2 035 $a(CKB)3710000000268148 035 $a(EBL)1823227 035 $a(SSID)ssj0001416055 035 $a(PQKBManifestationID)11926530 035 $a(PQKBTitleCode)TC0001416055 035 $a(PQKBWorkID)11353564 035 $a(PQKB)10229681 035 $a(MiAaPQ)EBC1823227 035 $a(Au-PeEL)EBL1823227 035 $a(CaPaEBR)ebr10959510 035 $a(CaONFJC)MIL654132 035 $a(OCoLC)894170585 035 $a(EXLCZ)993710000000268148 100 $a20141104h20142014 uy 0 101 0 $aeng 135 $aur|n|---||||| 181 $ctxt 182 $cc 183 $acr 200 10$aTrolls $ean unnatural history /$fJohn Lindow 210 1$aLondon :$cReaktion Books,$d2014. 210 4$d©2014 215 $a1 online resource (162 p.) 300 $aDescription based upon print version of record. 311 $a1-78023-289-6 311 $a1-322-22852-3 320 $aIncludes bibliographical references and index. 327 $aCover; Trolls: An Unnatural History; Imprint Page; Contents; Introduction; 1. The Earliest Trolls; 2. Medieval Trolls; 3. Folklore Trolls; 4. Fairy-tale Trolls and Trolls Illustrated; 5. Trolls in Literature; 6. Trolls, Children, Marketing and Whimsy; Epilogue; Sources and Further Reading; Acknowledgements and Photo Acknowledgements; Index 330 $aTrolls lurk under bridges waiting to eat children, threaten hobbits in Middle-Earth, and invade the dungeons of Hogwarts. Often they are depicted as stupid, slow, and ugly creatures, but they also appear as comforting characters in some children's stories or as plastic dolls with bright, fuzzy hair. Today, the name of this fantastic being from Scandinavia has found a wider reach: it is the word for the homeless in California and slang for the antagonizing and sometimes cruel people on the Internet. But how did trolls go from folktales to the World Wide Web? To explain why trolls still hold our 606 $aTrolls 606 $aFolklore$zScandinavia 615 0$aTrolls. 615 0$aFolklore 676 $a398.21 700 $aLindow$b John$0449618 801 0$bMiAaPQ 801 1$bMiAaPQ 801 2$bMiAaPQ 906 $aBOOK 912 $a9910822217303321 996 $aTrolls$91398209 997 $aUNINA